| 000 | 00797nas a2200241 4500 | ||
|---|---|---|---|
| 001 | BR0808108 | ||
| 003 | BR-BrBNA | ||
| 005 | 20231205112814.0 | ||
| 007 | ta | ||
| 008 | 230509b bl.|||p| |||| 00| 00por d | ||
| 040 |
_aBR-BrBNA _bpor _cBiblioteca Nacional de Agricultura |
||
| 041 | _a(Pt) | ||
| 072 | _aQ54 | ||
| 100 | 1 | _aCravo, C.T. de N. | |
| 100 | 1 | _aPrada, F. | |
| 245 | 1 | _aEnsaio de palatabilidade e digestibilidade com rações comerciais para eqüinos em regime de estabulação forçada (Nota prévia) | |
| 650 | _aEQÜINO | ||
| 650 | _aRAÇÃO | ||
| 650 | _aREGIME | ||
| 773 | 0 |
_tBrazilian Journal of Veterinary Research and Animal Science (Brazil) _xISSN 1413-9596 _g(1993), v. 30(2) p. 151-154 _wBR0808108 |
|
| 909 |
_a202311 _bLúcia _c55 _dLúcia Elande |
||
| 942 |
_2AGRIS _n0 _cANA |
||
| 999 |
_c200093 _d200093 |
||